| 000 | 00573nam a2200217Ia 4500 | ||
|---|---|---|---|
| 008 | 160319s9999 xx 000 0 und d | ||
| 020 | _a9710545000 | ||
| 050 | _bAb162 2008 | ||
| 100 | _aAbrera, Manix | ||
| 245 | _aAlab ng puso, sa dibdib mo'y buhay! / | ||
| 245 | _cni Manix Abrera. | ||
| 260 | _aPasay City, Philippines : | ||
| 260 | _bVisprint, | ||
| 260 | _c2008 | ||
| 300 | _a 91 pages : | ||
| 300 | _billustrations ; | ||
| 300 | _c21 cm. | ||
| 440 | _aKikomachine komix. | ||
| 440 | _vvol. 5 | ||
| 650 | _aComic books, strips, etc. -- Philippines. | ||
| 999 |
_c292285 _d292285 |
||